<?xml version="1.0" encoding="UTF-8"?><?xml-stylesheet type="text/xsl" href="static/style.xsl"?><OAI-PMH xmlns="http://www.openarchives.org/OAI/2.0/" xmlns:xsi="http://www.w3.org/2001/XMLSchema-instance" xsi:schemaLocation="http://www.openarchives.org/OAI/2.0/ http://www.openarchives.org/OAI/2.0/OAI-PMH.xsd"><responseDate>2026-04-28T18:59:53Z</responseDate><request verb="GetRecord" identifier="oai:uvadoc.uva.es:10324/36767" metadataPrefix="marc">https://uvadoc.uva.es/oai/request</request><GetRecord><record><header><identifier>oai:uvadoc.uva.es:10324/36767</identifier><datestamp>2021-06-18T06:39:57Z</datestamp><setSpec>com_10324_38</setSpec><setSpec>col_10324_787</setSpec></header><metadata><record xmlns="http://www.loc.gov/MARC21/slim" xmlns:doc="http://www.lyncode.com/xoai" xmlns:xsi="http://www.w3.org/2001/XMLSchema-instance" xmlns:dcterms="http://purl.org/dc/terms/" xsi:schemaLocation="http://www.loc.gov/MARC21/slim http://www.loc.gov/standards/marcxml/schema/MARC21slim.xsd">
<leader>00925njm 22002777a 4500</leader>
<datafield tag="042" ind1=" " ind2=" ">
<subfield code="a">dc</subfield>
</datafield>
<datafield tag="720" ind1=" " ind2=" ">
<subfield code="a">Revuelta Martinez, Tamara</subfield>
<subfield code="e">author</subfield>
</datafield>
<datafield tag="260" ind1=" " ind2=" ">
<subfield code="c">2019</subfield>
</datafield>
<datafield tag="520" ind1=" " ind2=" ">
<subfield code="a">Actualmente, son cada vez más las organizaciones que adoptan las tecnologías emergentes en operaciones industriales, logísticas, gestiones económicas, … La digitalización en el sector industrial está permitiendo transformar los sistemas de producción convencionales en sistemas “inteligentes”, gracias al empleo de nuevas herramientas que son fruto del desarrollo tecnológico: Big Data, Business Intelligence, Internet of Things, Realidad Aumentada, …, entre otras. Por ello, es evidente que la visión de la Industria 4.0 (I4) influye en el sector logístico, planteando así nuevos retos y desafíos y empleando nuevas herramientas logísticas que, a su vez permitan nuevos planteamientos a problemas ya existentes, como la optimización de la cadena de suministro. Toda esta nueva conceptualización de la logística se plantea como un desarrollo paralelo a la I4, dando lugar a lo que se conoce como Logística 4.0. En el presente documento, se tratarán todos estos temas y, especialmente, cómo la logística es capaz de integrar en sus procesos las tecnologías desarrollas para la Industria 4.0.</subfield>
</datafield>
<datafield tag="024" ind2=" " ind1="8">
<subfield code="a">http://uvadoc.uva.es/handle/10324/36767</subfield>
</datafield>
<datafield ind1=" " ind2=" " tag="653">
<subfield code="a">Logística (Organización) - Innovaciones tecnológicas</subfield>
</datafield>
<datafield ind1=" " ind2=" " tag="653">
<subfield code="a">Eficiencia en la industria</subfield>
</datafield>
<datafield tag="245" ind1="0" ind2="0">
<subfield code="a">Aplicación de la industria 4.0 en el área de la logística</subfield>
</datafield>
</record></metadata></record></GetRecord></OAI-PMH>